000 00664nam a22001937a 4500
003 OSt
005 20260428085647.0
008 260428b |||||||| |||| 00| 0 eng d
020 _a0-07-240053-6 part of 0-0
040 _aDWC-Main lib
_cOC
082 _26th edition
_aCirc. 808.51 G822 2002
100 _aGregory, Hamilton
245 _aPublic speaking for college and career /
_cHamilton Gregory
260 _aNew York :
_bMcGraw-Hill higher education,
_cc2002.
300 _axi, 484 pages ;
_bcolored illustration ;
_c25 cm.
504 _aIncludes bibliographical references and index
650 _a1. Public speaking.
942 _2ddc
_cBK-CIRC
_hCirc.
_n0
999 _c10040
_d10040